Smile Song Lyrics - Statistics

General Stats
  • This quiz has been taken 8 times
  • The average score is 218 of 355
Answer Stats
Hint Answer % Correct
a
100%
And
100%
and
100%
do!
100%
do
100%
I
100%
is
100%
Verse 1 My
100%
my
100%
smile
100%
smile,
100%
smile!
100%
Smile (x5)
100%
to
100%
To
100%
are
86%
doin'?)
86%
here
86%
if
86%
It
86%
it
86%
make
86%
say
86%
so
86%
the
86%
The
86%
ya
86%
you
86%
all
71%
All
71%
am
71%
be
71%
day
71%
day!
71%
friends
71%
from
71%
gonna
71%
happy
71%
(Hello!)
71%
(How
71%
I'm
71%
me
71%
mine!
71%
mine! (Choir repeats)
71%
name
71%
of
71%
on!)
71%
on
71%
Pie
71%
Pinkie
71%
that
71%
up
71%
up?)
71%
what
71%
will
71%
your
71%
blue
57%
brighten
57%
'cause
57%
Chorus 1 | Chorus 2 | Chorus 3 'Cause
57%
feel
57%
heart
57%
need's
57%
now
57%
or
57%
real
57%
really
57%
see
57%
when
57%
with
57%
Yes
57%
But
43%
but
43%
cheer
43%
cheering
43%
Come
43%
does!
43%
doesn't
43%
fill
43%
Fill
43%
get
43%
give
43%
isn't
43%
Bridge It's
43%
just
43%
Just
43%
life
43%
love
43%
matter
43%
Pinkie's
43%
sad
43%
sad,
43%
there
43%
these
43%
(What's
43%
while,
43%
bad.
29%
dark
29%
fills
29%
for
29%
grin,
29%
grin!
29%
grin
29%
let
29%
like
29%
lonely
29%
one
29%
show
29%
some
29%
sunshine
29%
sunshine,
29%
that's
29%
them
29%
thing
29%
true
29%
you're
29%
as
14%
begin!
14%
can
14%
corners
14%
days
14%
ear
14%
everypony,
14%
good
14%
has
14%
I'll
14%
made
14%
makes
14%
maybe
14%
more
14%
mouth
14%
out
14%
(Rock
14%
special
14%
Tell
14%
There's
14%
worthwhile
14%
always
0%
(Awesome!)
0%
beam
0%
beam,
0%
best
0%
bump!)
0%
Bust
0%
down!
0%
dream!
0%
face
0%
frown,
0%
frown
0%
gift
0%
glee
0%
hard
0%
(Hoof
0%
(Howdy!)
0%
joyful
0%
kind
0%
mile
0%
perfect
0%
talk
0%
turn
0%
turned
0%
upside
0%
whole
0%
wide
0%
work
0%
worried,
0%
No matching quizzes found
Score Distribution
Percent of People with Each Score
Percentile by Number Answered
Your Score History
You have not taken this quiz